| 000 | 00871nam a2200289Ia 4500 | ||
|---|---|---|---|
| 001 | Z_1015 | ||
| 003 | CHAP | ||
| 008 | 220113s[199 xx 000 0 und d | ||
| 010 | _a164095 | ||
| 040 | _cCHAP | ||
| 082 | _a637.1 A46 | ||
| 100 |
_aAlonso Pesado, Francisco Alejandro _94593 |
||
| 245 |
_aAspectos económicos en el ganado lechero / _cFrancisco Alejandro Alonso Pesado ; asesor pedagogico Tomás Zaragoza |
||
| 260 |
_aMéxico : _bUNAM. Facultad de Medicina Veterinaria y Zootecnia, _c[19- |
||
| 300 | _a328 p. | ||
| 503 | _aej.1: C/E \ ej.2: C/E \ ej.3: C/E | ||
| 504 | _aBibliografía: p. 327 | ||
| 650 |
_aGanado lechero _xAspectos económicos _945243 |
||
| 650 |
_aIndustria lechera _957819 |
||
| 700 |
_aZaragoza, Tomás, asesor _9138171 |
||
| 901 | _a637.1 A46 | ||
| 902 | _aM | ||
| 910 | _a[19- | ||
| 942 | _c1 | ||
| 942 | _cc1 | ||
| 999 |
_c164095 _d164095 |
||